| 000 | 00444nam a22001577a 4500 | ||
|---|---|---|---|
| 008 | 151007b xxu||||| |||| 00| 0 eng d | ||
| 020 | _a9780470041697 | ||
| 041 | 0 | _aeng | |
| 080 | _a658.15 | ||
| 245 | 0 |
_aIntermediate accounting/ _cDonald E Kieso; Jerry J. Weygandt; Terry D. Warfield. |
|
| 250 | _a12th ed. | ||
| 260 |
_aUSA: _bJohn Wiley & Sons; _c2007. |
||
| 300 |
_a1371 f.: _bme il.; _c26 cm. |
||
| 650 | 0 | _aKontabilitet | |
| 942 |
_2udc _cBK |
||
| 999 |
_c1237 _d1237 |
||